000 00574nam a2200193Ii 4500
003 JO-AjNU
008 230605s9999||||xx |||||||||||||| ||und||
040 _aJO-AjNU
_bara
_erda
_cJO-AjNU
041 _aara
050 1 4 _aQB 501 1980
100 3 _aهلاسي ، دانيال س,
_eauthor
_919938
245 0 0 _aمستقبل الطاقه الشمسيه
264 3 1 _aد.م : د.ن ، 1980
300 _a174ص
336 _atext
_btxt
_2rdacontent
337 _aunmediated
_bn
_2rdamedia
338 _avolume
_bnc
_2rdacarrier
650 4 _aالطاقه الشمسيه
_919939
999 _aA6669
_c10237
_d10237